000 00811nam a22003010a 4500
001 PT42621
003 AR-LpoUNG
005 20250227152540.0
008 191001s2009||||ag |||||||||||||||||spa d
020 _a9789872055530
_c$4.20
040 _aAR-LpoUNG
_bspa
_cAR-LpoUNG
_eaacr
041 0 _aspa
044 _aag
082 0 _a808.068 3 473ele
100 1 _aPereyra Rozas, María Victoria
245 1 0 _aMi mamá es electricista
250 _a1ra. ed.
260 _aBuenos Aires :
_bLibrería de Mujeres,
_c2009.
300 _a22 p. :
_bil.
505 0 _aSugerido a partir de 8 años (etiqueta CELESTE)
650 4 _aMUJERES
650 4 _aPROFESIONALES
650 4 _aTRABAJADORAS
653 0 _aLITERATURA INFANTIL
700 1 _aBelisario, Fernando
_eil.
905 _a42621
942 _cLIB
_2ddc
999 _c6987
_d6987